[Event "Open Olomouc 2009"]
[Site "Olomouc (CZE)"]
[Date "2009.08.06"]
[Round "1.7"]
[White "Rudolf, Michal"]
[Black "Doubek, Tomas"]
[Result "1-0"]
[WhiteElo "2383"]
[BlackElo "1915"]
[PlyCount "71"]
[EventDate "2009.08.06"]

1. e4 e6 2. d4 d5 3. Nc3 Bb4 4. exd5 exd5 5. Bd3 Nf6 6. Bg5 c5 7. dxc5 d4 8. a3
Bxc3+ 9. bxc3 dxc3 10. Qf3 Nc6 11. Ne2 Nd4 12. Nxd4 Qxd4 13. O-O O-O 14. Rfe1
Be6 15. Rab1 Qd5 16. Qg3 Ng4 17. Qh4 h6 18. Be7 Rfe8 19. h3 g5 20. Bxg5 Qxg5
21. Qxg5+ hxg5 22. hxg4 Bd5 23. f3 Rac8 24. Kf2 Kf8 25. Rxe8+ Rxe8 26. Rh1 Kg7
27. Rh7+ Kf6 28. Rh6+ Ke5 29. Ke3 Bc6 30. Rd6 Rh8 31. Bc4 Rh1 32. g3 Re1+ 33.
Be2 Rxe2+ 34. Kxe2 f5 35. gxf5 Kxf5 36. Ke3 1-0

[Event "Open Olomouc 2009"]
[Site "Olomouc (CZE)"]
[Date "2009.08.06"]
[Round "1.8"]
[White "Trunda, Otakar"]
[Black "Strebkovs, Andrejs"]
[Result "0-1"]
[WhiteElo "1910"]
[BlackElo "2371"]
[PlyCount "48"]
[EventDate "2009.08.06"]

1. e4 e6 2. d4 b6 3. Nc3 Bb7 4. Be3 Bb4 5. Bd3 f5 6. f3 fxe4 7. fxe4 Nf6 8. Bg5
h6 9. e5 hxg5 10. exf6 Qxf6 11. Nf3 g4 12. Ne5 Bxg2 13. Qxg4 Bxh1 14. O-O-O Rh4
15. Qg1 Bb7 16. Ng6 Rh3 17. Ne4 Qf3 18. Ng3 Na6 19. Rf1 Qg4 20. Rf4 Qg5 21.
Bxa6 Qxg6 22. Bxb7 Qh6 23. Qf1 Bd6 24. Ne2 Rb8 0-1

[Event "Open Olomouc 2009"]
[Site "Olomouc (CZE)"]
[Date "2009.08.06"]
[Round "1.9"]
[White "Plischki, Sebastian"]
[Black "Savoglou, Nikolaos"]
[Result "1-0"]
[WhiteElo "2368"]
[BlackElo "1907"]
[PlyCount "107"]
[EventDate "2009.08.06"]

1. d4 Nf6 2. c4 e6 3. Nf3 Bb4+ 4. Nbd2 b6 5. a3 Bxd2+ 6. Qxd2 Bb7 7. e3 O-O 8.
Be2 d6 9. O-O Nbd7 10. b4 Ne4 11. Qc2 f5 12. Bb2 Qe7 13. Rfd1 a5 14. d5 e5 15.
g3 axb4 16. axb4 Rfc8 17. Nh4 g6 18. f3 Nef6 19. Ng2 Qe8 20. Kf2 Rxa1 21. Rxa1
Ra8 22. Qc1 Rxa1 23. Qxa1 Qa8 24. Qxa8+ Bxa8 25. Ba3 b5 26. c5 Bxd5 27. Bxb5 c6
28. Ba4 dxc5 29. bxc5 Nb8 30. Ne1 Nfd7 31. Nd3 Na6 32. Bc2 Bc4 33. Nb4 Naxc5
34. Nxc6 Ne6 35. Bd6 Nec5 36. Bxc5 Nxc5 37. Nxe5 Bd5 38. h3 Kg7 39. g4 Kf6 40.
f4 h6 41. h4 fxg4 42. Bxg6 Be6 43. Bh5 Ne4+ 44. Kg2 g3 45. Bf3 Nc5 46. Kxg3 Na6
47. Nc6 Nc5 48. e4 Nd3 49. e5+ Kf7 50. Be4 Nc5 51. Kf3 Bd7 52. Nd4 Bh3 53. f5
h5 54. Kf4 1-0

[Event "Open Olomouc 2009"]
[Site "Olomouc (CZE)"]
[Date "2009.08.06"]
[Round "1.10"]
[White "Ochman, Tomas"]
[Black "Nguyen, Piotr"]
[Result "0-1"]
[WhiteElo "1906"]
[BlackElo "2368"]
[PlyCount "70"]
[EventDate "2009.08.06"]

1. e4 c5 2. Nf3 g6 3. d4 cxd4 4. Nxd4 Bg7 5. c3 Nc6 6. Be2 Nf6 7. Bf3 Ne5 8.
O-O O-O 9. Bf4 Nxf3+ 10. Qxf3 d6 11. Nb3 Bg4 12. Qe3 a5 13. a4 e5 14. Bg5 Be6
15. N3d2 Rc8 16. b3 d5 17. exd5 Qxd5 18. c4 Qc6 19. h3 Nh5 20. Ra2 f5 21. Nc3
Rf7 22. Nb5 Rcf8 23. Nf3 h6 24. Nxe5 Bxe5 25. Bxh6 Bg7 26. Bxg7 Nxg7 27. Rd2 f4
28. Qe5 Rf5 29. Qc7 Rg5 30. Qxc6 bxc6 31. Nd4 Bxh3 32. f3 Rd8 33. Kh2 Rxg2+ 34.
Rxg2 Bxg2 35. Kxg2 Rxd4 0-1

[Event "Open Olomouc 2009"]
[Site "Olomouc (CZE)"]
[Date "2009.08.06"]
[Round "1.12"]
[White "Odstrcil, Jan"]
[Black "Jasny, Stanislav"]
[Result "0-1"]
[WhiteElo "1897"]
[BlackElo "2364"]
[PlyCount "42"]
[EventDate "2009.08.06"]

1. f4 Nf6 2. Nf3 g6 3. e3 Bg7 4. Be2 O-O 5. O-O c5 6. c4 Nc6 7. Nc3 d6 8. d4
cxd4 9. Nxd4 Qb6 10. g4 Nxd4 11. exd4 e5 12. fxe5 dxe5 13. c5 Qb4 14. dxe5 Nxg4
15. Bxg4 Bxg4 16. Qe1 Qxc5+ 17. Qe3 Qxe5 18. Rf4 Bd7 19. Re4 Qd6 20. Bd2 Bc6
21. Rh4 Rad8 0-1

[Event "Open Olomouc 2009"]
[Site "Olomouc (CZE)"]
[Date "2009.08.06"]
[Round "1.13"]
[White "Dauth, Benjamin"]
[Black "Snehota, Martin"]
[Result "1-0"]
[WhiteElo "2318"]
[BlackElo "1896"]
[PlyCount "97"]
[EventDate "2009.08.06"]

1. e4 d5 2. exd5 Nf6 3. c4 c6 4. dxc6 Nxc6 5. d3 Bg4 6. Be2 Bxe2 7. Nxe2 e5 8.
O-O Bc5 9. Nbc3 O-O 10. Bg5 Qd6 11. a3 a5 12. Nb5 Qd7 13. Bxf6 gxf6 14. Nec3
Rad8 15. Nd5 Qf5 16. Rb1 Ne7 17. Nbc3 Nxd5 18. Nxd5 Rxd5 19. cxd5 Rd8 20. b4
axb4 21. axb4 Bd4 22. Qb3 Qd7 23. Rfc1 Qb5 24. Qd1 Qxd5 25. Qg4+ Kh8 26. Rc8
Rxc8 27. Qxc8+ Kg7 28. Qg4+ Kh6 29. Qh4+ Kg7 30. Qg4+ Kh6 31. Rc1 Qa2 32. Rf1
Qa4 33. Qf3 Qa6 34. g3 Kg7 35. Qg4+ Kh6 36. Qf5 Qe6 37. Qxe6 fxe6 38. Rc1 Kg6
39. Rc7 b6 40. Re7 Bc3 41. b5 Bd4 42. Kg2 h5 43. Kf3 Kf5 44. h3 Bc5 45. Rg7 e4+
46. dxe4+ Ke5 47. Rh7 Kd4 48. Rxh5 Kc4 49. Rxc5+ 1-0

[Event "Open Olomouc 2009"]
[Site "Olomouc (CZE)"]
[Date "2009.08.06"]
[Round "1.15"]
[White "Bigg, Andrew"]
[Black "Hunacek, Jaroslav"]
[Result "1-0"]
[WhiteElo "2289"]
[BlackElo "1873"]
[PlyCount "75"]
[EventDate "2009.08.06"]

1. d4 Nf6 2. Bg5 e6 3. Nf3 Be7 4. e3 d5 5. c4 c5 6. dxc5 Qa5+ 7. Nbd2 Bxc5 8.
Bxf6 gxf6 9. a3 dxc4 10. Bxc4 Qb6 11. Qc2 Nc6 12. Rc1 Be7 13. O-O Bd7 14. Rfd1
O-O-O 15. b4 Kb8 16. Bf1 Rc8 17. Nc4 Qc7 18. Qd2 Rhd8 19. Re1 Be8 20. Qb2 Rd5
21. g3 Qd8 22. e4 Nd4 23. Qc3 Nxf3+ 24. Qxf3 Rd4 25. Qh5 Rc7 26. Ne3 Rxc1 27.
Rxc1 Rxe4 28. Qxh7 Rxe3 29. fxe3 Qd2 30. Qc2 Qxe3+ 31. Kh1 Bc6+ 32. Bg2 Bxg2+
33. Kxg2 a6 34. Qc3 Qe4+ 35. Qf3 Qd4 36. Qf4+ Qd6 37. Qxd6+ Bxd6 38. h4 1-0

[Event "Open Olomouc 2009"]
[Site "Olomouc (CZE)"]
[Date "2009.08.07"]
[Round "2.1"]
[White "Galvanek, Ladislav"]
[Black "Chernyshov, Konstantin"]
[Result "1/2-1/2"]
[WhiteElo "2129"]
[BlackElo "2555"]
[PlyCount "90"]
[EventDate "2009.08.06"]

1. d4 Nf6 2. Nf3 b6 3. g3 Bb7 4. Bg2 e6 5. O-O Be7 6. c4 O-O 7. Nc3 Na6 8. Bf4
Ne4 9. Nxe4 Bxe4 10. Ne1 Bxg2 11. Nxg2 f5 12. Qa4 Qc8 13. Rad1 c6 14. Rfe1 Nc7
15. Qc2 Ne8 16. f3 Bb4 17. Bd2 Bxd2 18. Rxd2 Nf6 19. e4 fxe4 20. fxe4 d5 21.
cxd5 cxd5 22. exd5 exd5 23. Qb3 Re8 24. Re5 Qc7 25. Rc2 Qd6 26. Rce2 Rac8 27.
Nf4 Red8 28. Rc2 Rxc2 29. Qxc2 Qb4 30. Ne6 Re8 31. Qc7 Qe7 32. Qc6 Qf7 33. Nf4
Rd8 34. Ne6 Rd7 35. Nf4 h6 36. Qa8+ Qf8 37. Qc6 Qb4 38. Qe6+ Kh8 39. Ng6+ Kh7
40. Qf5 Qxd4+ 41. Kg2 Qxb2+ 42. Kh3 Rd8 43. Re7 Kg8 44. Qe6+ Kh7 45. Qf5 Kg8
1/2-1/2

[Event "Open Olomouc 2009"]
[Site "Olomouc (CZE)"]
[Date "2009.08.07"]
[Round "2.2"]
[White "Kasparov, Sergey"]
[Black "Navratil-Sen., Jiri"]
[Result "1-0"]
[WhiteElo "2487"]
[BlackElo "2145"]
[PlyCount "63"]
[EventDate "2009.08.06"]

1. e4 c5 2. Nf3 d6 3. d4 cxd4 4. Nxd4 Nf6 5. f3 Bd7 6. c4 Nc6 7. Nc3 g6 8. Be3
Bg7 9. Qd2 h5 10. Be2 Qa5 11. Nb3 Qd8 12. O-O b6 13. Nd5 Ne5 14. a4 O-O 15. Nd4
Rc8 16. b3 Kh7 17. h3 Nc6 18. Nc3 Rb8 19. Rad1 Qc8 20. f4 Rh8 21. Nf3 Rd8 22.
Qe1 Bh6 23. Bd3 Bg7 24. Qg3 Ne8 25. Ne2 Kg8 26. Bb1 e5 27. f5 gxf5 28. exf5
Bxf5 29. Bxf5 Qxf5 30. Nfd4 Qc8 31. Nf5 Qe6 32. Nh6+ 1-0

[Event "Open Olomouc 2009"]
[Site "Olomouc (CZE)"]
[Date "2009.08.07"]
[Round "2.4"]
[White "Tikkanen, Hans"]
[Black "Daum, Norman"]
[Result "1-0"]
[WhiteElo "2434"]
[BlackElo "2130"]
[PlyCount "83"]
[EventDate "2009.08.06"]

1. d4 d5 2. c4 e6 3. Nc3 c6 4. e3 Bd6 5. Bd3 Nd7 6. Nf3 Ngf6 7. O-O O-O 8. e4
dxc4 9. Bxc4 e5 10. h3 exd4 11. Qxd4 Qe7 12. Rd1 Bc5 13. Qd3 Bb4 14. Bf4 Nc5
15. Qd6 Qxd6 16. Bxd6 Re8 17. e5 b5 18. Nxb5 cxb5 19. Bxb5 Bd7 20. Bxc5 Bxc5
21. Bxd7 Nxd7 22. Rxd7 f6 23. exf6 gxf6 24. Rc1 Rac8 25. Kf1 Bb6 26. Rxc8 Rxc8
27. a3 Rc1+ 28. Ke2 Rb1 29. Rd2 Kf7 30. Rc2 Ke6 31. Ne1 Kd5 32. Nd3 Kd6 33. Rc1
Rxc1 34. Nxc1 Kd5 35. Nd3 Kc4 36. g4 a5 37. b4 a4 38. Nc5 Bxc5 39. bxc5 Kxc5
40. Kd3 Kd5 41. f4 Kc5 42. h4 1-0

[Event "Open Olomouc 2009"]
[Site "Olomouc (CZE)"]
[Date "2009.08.07"]
[Round "2.5"]
[White "Faellman, Micael"]
[Black "Pozin, Sergey"]
[Result "0-1"]
[WhiteElo "2110"]
[BlackElo "2421"]
[PlyCount "56"]
[EventDate "2009.08.06"]

1. d4 Nf6 2. Nf3 e6 3. c4 Bb4+ 4. Bd2 Qe7 5. g3 O-O 6. Bg2 Bxd2+ 7. Nbxd2 d6 8.
O-O e5 9. e4 Bg4 10. d5 a5 11. b3 Na6 12. a3 c6 13. Rc1 Rfc8 14. Qe2 Qc7 15.
Qe3 cxd5 16. exd5 Qc5 17. Nb1 Qxe3 18. fxe3 Nc5 19. Nbd2 Bd7 20. h3 b5 21. Ne1
bxc4 22. bxc4 Rab8 23. Rf2 Kf8 24. Bf1 Nfe4 25. Nxe4 Nxe4 26. Rfc2 Nxg3 27. Bg2
Bf5 28. Ra2 Rb3 0-1

[Event "Open Olomouc 2009"]
[Site "Olomouc (CZE)"]
[Date "2009.08.07"]
[Round "2.6"]
[White "Rojicek, Vojtech"]
[Black "Olsarova, Tereza"]
[Result "1-0"]
[WhiteElo "2405"]
[BlackElo "2127"]
[PlyCount "49"]
[EventDate "2009.08.06"]

1. d4 c5 2. d5 Nf6 3. c4 e6 4. Nc3 exd5 5. cxd5 d6 6. Nf3 g6 7. Nd2 Bg7 8. e4
O-O 9. Be2 a6 10. a4 Nbd7 11. O-O Qe7 12. Re1 Ne8 13. Nc4 b6 14. f4 Bd4+ 15.
Kh1 Bxc3 16. bxc3 Bb7 17. Bf3 b5 18. Na5 Nb6 19. e5 Qc7 20. Nxb7 Qxb7 21. axb5
axb5 22. Rxa8 Qxa8 23. f5 dxe5 24. Bh6 f6 25. fxg6 1-0

[Event "Open Olomouc 2009"]
[Site "Olomouc (CZE)"]
[Date "2009.08.07"]
[Round "2.7"]
[White "Van den Dikkenberg, Erik"]
[Black "Rudolf, Michal"]
[Result "1-0"]
[WhiteElo "2107"]
[BlackElo "2383"]
[PlyCount "53"]
[EventDate "2009.08.06"]

1. e4 Nf6 2. e5 Nd5 3. d4 d6 4. c4 Nb6 5. exd6 exd6 6. Nc3 Be7 7. Be3 O-O 8.
Be2 Nc6 9. Nf3 Bg4 10. b3 Re8 11. O-O Bf6 12. Rc1 d5 13. c5 Nc8 14. Qd2 N8e7
15. h3 Bxf3 16. Bxf3 Nf5 17. Bxd5 Ncxd4 18. Rcd1 c6 19. Ne4 Nb5 20. Nxf6+ Qxf6
21. Bg5 Qg6 22. Bc4 Nbd4 23. Kh1 h6 24. Bf4 Nh4 25. Bg3 Ndf5 26. Qf4 Re4 27.
Bxf7+ 1-0

[Event "Open Olomouc 2009"]
[Site "Olomouc (CZE)"]
[Date "2009.08.07"]
[Round "2.8"]
[White "Strebkovs, Andrejs"]
[Black "Weber, Martin"]
[Result "1/2-1/2"]
[WhiteElo "2371"]
[BlackElo "2111"]
[PlyCount "58"]
[EventDate "2009.08.06"]

1. d4 Nf6 2. c4 e5 3. dxe5 Ng4 4. Bf4 g5 5. Bg3 Bg7 6. Nf3 Nc6 7. h4 Ngxe5 8.
Nxe5 Nxe5 9. e3 d6 10. Qc2 g4 11. Nd2 h5 12. Be2 Qe7 13. Rc1 Bd7 14. c5 Bc6 15.
cxd6 Qxd6 16. O-O Qe7 17. Nb3 Ng6 18. Nd4 Bxd4 19. exd4 O-O 20. Rfe1 Rfe8 21.
Qc4 Be4 22. Qb3 Qf6 23. Bxc7 Bxg2 24. Be5 Rxe5 25. dxe5 Qxh4 26. Kxg2 Nf4+ 27.
Kg1 Nh3+ 28. Kh1 Nf4+ 29. Kg1 Nh3+ 1/2-1/2

[Event "Open Olomouc 2009"]
[Site "Olomouc (CZE)"]
[Date "2009.08.07"]
[Round "2.9"]
[White "Opravil, Karel"]
[Black "Plischki, Sebastian"]
[Result "1/2-1/2"]
[WhiteElo "2102"]
[BlackElo "2368"]
[PlyCount "53"]
[EventDate "2009.08.06"]

1. Nf3 d5 2. d4 Nf6 3. g3 e6 4. Bg2 Be7 5. O-O O-O 6. c4 dxc4 7. Qc2 a6 8. Qxc4
b5 9. Qc2 Bb7 10. Bd2 Bd6 11. Nc3 Nbd7 12. e4 b4 13. e5 bxc3 14. bxc3 Be4 15.
Qc1 Ra7 16. exf6 Nxf6 17. Bg5 h6 18. Bxf6 Qxf6 19. Qe3 Bd5 20. Ne5 Bxg2 21.
Kxg2 c5 22. Rab1 Rc8 23. Qe4 cxd4 24. cxd4 Bxe5 25. dxe5 Qe7 26. Rfc1 Qd8 27.
Rxc8 1/2-1/2

[Event "Open Olomouc 2009"]
[Site "Olomouc (CZE)"]
[Date "2009.08.07"]
[Round "2.10"]
[White "Nguyen, Piotr"]
[Black "Ter-Karapetian, Armen"]
[Result "1-0"]
[WhiteElo "2368"]
[BlackElo "2108"]
[PlyCount "51"]
[EventDate "2009.08.06"]

1. c4 e5 2. g3 Nf6 3. Bg2 d5 4. cxd5 Nxd5 5. Nc3 Be6 6. Nf3 Nc6 7. O-O Be7 8.
d4 exd4 9. Nb5 d3 10. Qxd3 Ndb4 11. Qb1 Bc4 12. Nc3 O-O 13. Rd1 Qc8 14. Bg5 Bd6
15. b3 Be6 16. a3 Na6 17. b4 Ne5 18. Nd4 Bh3 19. Be4 h6 20. Bf4 Nc4 21. Nd5 Re8
22. Bf5 Bxf5 23. Nxf5 Qe6 24. b5 c6 25. Nxd6 Nxd6 26. Nf6+ 1-0

[Event "Open Olomouc 2009"]
[Site "Olomouc (CZE)"]
[Date "2009.08.07"]
[Round "2.11"]
[White "Kosin, Jens"]
[Black "Ianov, Viktor"]
[Result "1-0"]
[WhiteElo "2092"]
[BlackElo "2364"]
[PlyCount "87"]
[EventDate "2009.08.06"]

1. d4 c5 2. Nf3 Nf6 3. g3 b6 4. Bg2 Bb7 5. dxc5 bxc5 6. O-O g6 7. Nc3 Bg7 8.
Bg5 h6 9. Be3 Na6 10. Qd2 Ng4 11. Rad1 d6 12. Bh3 Nxe3 13. Qxe3 O-O 14. Nd5 Re8
15. c3 Rb8 16. Qc1 Nc7 17. Nxc7 Qxc7 18. Rfe1 d5 19. Qc2 e5 20. e4 dxe4 21. Nd2
f5 22. Nc4 Red8 23. g4 Ba6 24. b3 Rf8 25. Rd2 Qe7 26. Bg2 Rbd8 27. Red1 Bf6 28.
Rd5 Rxd5 29. Rxd5 Bb7 30. Rd6 Kh7 31. Qd1 Rf7 32. gxf5 gxf5 33. Bh3 Bg7 34. Kf1
Qh4 35. Bg2 Qe7 36. Bh3 Qh4 37. Bg2 e3 38. Nxe3 Bxg2+ 39. Kxg2 f4 40. Qd3+ Kg8
41. Rd8+ Bf8 42. Qg6+ Rg7 43. Qxg7+ Kxg7 44. Nf5+ 1-0

[Event "Open Olomouc 2009"]
[Site "Olomouc (CZE)"]
[Date "2009.08.07"]
[Round "2.12"]
[White "Jasny, Stanislav"]
[Black "Ruzicka, Milan"]
[Result "1-0"]
[WhiteElo "2364"]
[BlackElo "2105"]
[PlyCount "83"]
[EventDate "2009.08.06"]

1. e4 e6 2. d4 d5 3. Nc3 dxe4 4. Nxe4 Bd7 5. Nf3 Bc6 6. Ng3 Nd7 7. Bd3 Ngf6 8.
O-O Bxf3 9. Qxf3 c6 10. b3 Qc7 11. c4 Be7 12. Bb2 O-O 13. Rfe1 Rfe8 14. Rad1
Rad8 15. h4 Bd6 16. Ne4 Nxe4 17. Qxe4 Nf6 18. Qf3 Qa5 19. g4 Bb8 20. g5 Nd7 21.
Bb1 Nf8 22. Re4 Qc7 23. h5 Qh2+ 24. Kf1 e5 25. d5 cxd5 26. cxd5 Ne6 27. dxe6
Rxd1+ 28. Ke2 fxe6 29. Kxd1 Rf8 30. Qg4 Qh1+ 31. Re1 Qd5+ 32. Ke2 Rf4 33. Qg3
e4 34. Qc3 Rf7 35. Rd1 Qb5+ 36. Qc4 Qxg5 37. Qxe6 Qxh5+ 38. Ke1 Qh1+ 39. Kd2
Bf4+ 40. Kc2 Qh4 41. Bd4 Qh5 42. Be3 1-0

[Event "Open Olomouc 2009"]
[Site "Olomouc (CZE)"]
[Date "2009.08.07"]
[Round "2.13"]
[White "Verwoert, Jef"]
[Black "Dauth, Benjamin"]
[Result "0-1"]
[WhiteElo "2071"]
[BlackElo "2318"]
[PlyCount "54"]
[EventDate "2009.08.06"]

1. e4 d5 2. Nc3 d4 3. Nce2 e5 4. Ng3 Be6 5. Nf3 Bd6 6. Be2 Ne7 7. O-O f6 8. c3
c5 9. cxd4 cxd4 10. Bb5+ Nbc6 11. d3 g5 12. Bd2 h5 13. Ba4 Bg4 14. h3 Bd7 15.
Nh2 h4 16. Nh5 Kf7 17. Bxg5 Kg6 18. Qf3 Ng8 19. Bb3 Kxg5 20. Ng4 Rxh5 21. Bxg8
f5 22. exf5 Qxg8 23. Nf6 Kxf6 24. Qxh5 Qg5 25. Qh7 Ne7 26. f4 exf4 27. g4 Bxf5
0-1

[Event "Open Olomouc 2009"]
[Site "Olomouc (CZE)"]
[Date "2009.08.07"]
[Round "2.14"]
[White "Karlik, Vladimir"]
[Black "Andraschko, Felix"]
[Result "1/2-1/2"]
[WhiteElo "2299"]
[BlackElo "2078"]
[PlyCount "102"]
[EventDate "2009.08.06"]

1. d4 Nf6 2. Nf3 g6 3. Bg5 Bg7 4. Nbd2 O-O 5. c3 d6 6. e4 c5 7. dxc5 dxc5 8.
Bc4 Nc6 9. h3 Qc7 10. O-O Rd8 11. Qe2 Na5 12. Bd3 Nh5 13. Nc4 Nc6 14. Rad1 h6
15. Bc1 Be6 16. a4 Nf4 17. Bxf4 Qxf4 18. Qe3 Qxe3 19. Nxe3 Bb3 20. Bc2 Bxc2 21.
Nxc2 Rxd1 22. Rxd1 Rd8 23. Rxd8+ Nxd8 24. Kf1 Kf8 25. Ke2 Ke8 26. Nce1 Kd7 27.
Nd3 b6 28. Nfe5+ Bxe5 29. Nxe5+ Ke6 30. f4 g5 31. g3 f6 32. Nc4 Nb7 33. f5+ Kd7
34. e5 Kc6 35. Ne3 h5 36. Kd3 Nd8 37. Ke4 Nf7 38. Nd5 Nxe5 39. Nxe7+ Kd6 40.
Nc8+ Kd7 41. Nxa7 Nc4 42. b4 Nd6+ 43. Kf3 cxb4 44. cxb4 Nxf5 45. a5 bxa5 46.
bxa5 Kc7 47. Nb5+ Kb7 48. Nc3 g4+ 49. hxg4 hxg4+ 50. Kxg4 Nxg3 51. Kxg3 Ka6
1/2-1/2

[Event "Open Olomouc 2009"]
[Site "Olomouc (CZE)"]
[Date "2009.08.07"]
[Round "2.15"]
[White "Falkowski, Dawid"]
[Black "Bigg, Andrew"]
[Result "0-1"]
[WhiteElo "2067"]
[BlackElo "2289"]
[PlyCount "60"]
[EventDate "2009.08.06"]

1. e4 e6 2. Nf3 d5 3. Nc3 d4 4. Ne2 c5 5. c3 Nf6 6. e5 Nfd7 7. cxd4 cxd4 8. Qa4
Nc6 9. Nexd4 Ndxe5 10. Bb5 Bd7 11. O-O a6 12. Nxe5 Nxe5 13. Bxd7+ Qxd7 14.
Qxd7+ Nxd7 15. Re1 g6 16. Nf3 Bg7 17. d4 Nb6 18. Bf4 O-O 19. Be5 Nd5 20. Rac1
Rac8 21. Bxg7 Kxg7 22. Kf1 Nb4 23. a3 Nd3 24. Rxc8 Rxc8 25. Re3 Rc1+ 26. Ne1
Nxb2 27. Rb3 Nc4 28. Rxb7 Nxa3 29. Rb6 Nc2 30. Rc6 Rxe1# 0-1

[Event "Open Olomouc 2009"]
[Site "Olomouc (CZE)"]
[Date "2009.08.08"]
[Round "3.1"]
[White "Stachanczyk, Jacek"]
[Black "Kasparov, Sergey"]
[Result "1/2-1/2"]
[WhiteElo "2205"]
[BlackElo "2487"]
[PlyCount "82"]
[EventDate "2009.08.06"]

1. e4 c6 2. d4 d5 3. Nc3 dxe4 4. Nxe4 Bf5 5. Ng3 Bg6 6. N1e2 e6 7. Nf4 Qh4 8.
c3 Nd7 9. Ngh5 O-O-O 10. g3 Qe7 11. Qe2 e5 12. dxe5 Bf5 13. e6 Nc5 14. Be3 g5
15. Bh3 gxf4 16. Bxf5 fxe3 17. exf7+ Kc7 18. fxg8=Q exf2+ 19. Kxf2 Rxg8 20.
Qxe7+ Bxe7 21. Rhe1 Bg5 22. Re2 Rgf8 23. g4 a5 24. Kg3 h6 25. h4 Bd2 26. Rf1
Rfe8 27. Rxe8 Rxe8 28. Kf2 Na4 29. Ng7 Re5 30. Rb1 b5 31. Bc2 Nb6 32. Nf5 Nc4
33. Rd1 Be3+ 34. Kf3 Bc5 35. b3 Ne3 36. Re1 Nxg4 37. Rxe5 Nxe5+ 38. Ke4 Nf7 39.
Bd1 Bf2 40. Be2 Be1 41. c4 Nd6+ 1/2-1/2

[Event "Open Olomouc 2009"]
[Site "Olomouc (CZE)"]
[Date "2009.08.08"]
[Round "3.2"]
[White "Zilka, Stepan"]
[Black "Freyberg, Dominic"]
[Result "1-0"]
[WhiteElo "2466"]
[BlackElo "2191"]
[PlyCount "45"]
[EventDate "2009.08.06"]

1. d4 Nf6 2. c4 g6 3. Nc3 Bg7 4. e4 O-O 5. Nf3 d6 6. Be2 Nbd7 7. O-O e5 8. Re1
Re8 9. Bf1 exd4 10. Nxd4 Nc5 11. f3 Ne6 12. Be3 Nh5 13. Qd2 Be5 14. Rad1 f5 15.
Nxe6 Bxe6 16. exf5 gxf5 17. Nd5 Kf7 18. Bg5 Qd7 19. f4 Bg7 20. Be2 Kg6 21. Ne7+
Rxe7 22. Bxh5+ Kxh5 23. Qe2+ 1-0

[Event "Open Olomouc 2009"]
[Site "Olomouc (CZE)"]
[Date "2009.08.08"]
[Round "3.3"]
[White "Ter-Karapetian, Alex"]
[Black "Tikkanen, Hans"]
[Result "1-0"]
[WhiteElo "2191"]
[BlackElo "2434"]
[PlyCount "83"]
[EventDate "2009.08.06"]

1. Nf3 d5 2. d4 e6 3. c4 c6 4. Nc3 dxc4 5. e4 b5 6. a4 Bb4 7. Be2 Nf6 8. Qc2
Bb7 9. O-O a6 10. e5 Nd5 11. Ne4 Nd7 12. Bd2 Be7 13. b3 cxb3 14. Qxb3 b4 15.
Bg5 O-O 16. Bxe7 Qxe7 17. Nd6 Rfb8 18. Rfc1 Ra7 19. Bc4 Ba8 20. Bxd5 exd5 21.
Nf5 Qe6 22. Qd3 h6 23. Ra2 a5 24. Re2 Nb6 25. N3h4 Kh8 26. f4 Rg8 27. Nd6 g6
28. f5 gxf5 29. Rf1 Qe7 30. Nhxf5 Qg5 31. Rf3 Rg6 32. Ng3 Kg8 33. Rf5 Qg4 34.
Rd2 Rg7 35. e6 Qg6 36. Ne8 Qxe6 37. Re5 Rg6 38. Rxe6 Rxe6 39. Nf6+ Kf8 40. Qh7
Re1+ 41. Nf1 Ke7 42. Nxd5+ 1-0

[Event "Open Olomouc 2009"]
[Site "Olomouc (CZE)"]
[Date "2009.08.08"]
[Round "3.4"]
[White "Pozin, Sergey"]
[Black "Vanek, Ladislav"]
[Result "1-0"]
[WhiteElo "2421"]
[BlackElo "2187"]
[PlyCount "75"]
[EventDate "2009.08.06"]

1. d4 c5 2. dxc5 e6 3. Nc3 Na6 4. e4 Nxc5 5. Nf3 d6 6. Bf4 Qb6 7. Bb5+ Bd7 8.
Bxd7+ Nxd7 9. Qd2 Ngf6 10. O-O-O e5 11. Bg5 Qc6 12. Rhe1 Rd8 13. Kb1 h6 14.
Bxf6 Nxf6 15. Nh4 b5 16. Nf5 b4 17. Nd5 Nxd5 18. exd5 Qd7 19. Nd4 a5 20. f4 Be7
21. Nc6 f6 22. Nxa5 Qa4 23. Nc6 Ra8 24. Nxb4 O-O 25. Re3 Rab8 26. Nc6 Rb7 27.
Rb3 Rc7 28. Rb4 Qa6 29. Qd3 Qc8 30. f5 Re8 31. Rb6 Bf8 32. Qe4 Rb7 33. Rxb7
Qxb7 34. a4 Ra8 35. a5 Be7 36. Rd3 Bd8 37. Rb3 Qa6 38. Qd3 1-0

[Event "Open Olomouc 2009"]
[Site "Olomouc (CZE)"]
[Date "2009.08.08"]
[Round "3.5"]
[White "Shishkin, Vladimir"]
[Black "Rojicek, Vojtech"]
[Result "0-1"]
[WhiteElo "2186"]
[BlackElo "2405"]
[PlyCount "52"]
[EventDate "2009.08.06"]

1. e4 e5 2. Nf3 Nc6 3. Bb5 a6 4. Bxc6 dxc6 5. O-O f6 6. d4 exd4 7. Nxd4 c5 8.
Ne2 Qxd1 9. Rxd1 Bd7 10. Nbc3 O-O-O 11. f3 Ne7 12. Bf4 Ng6 13. Bg3 Ne5 14. Nd5
Be6 15. Bxe5 fxe5 16. c4 g6 17. b3 Bh6 18. Kf2 c6 19. Nb6+ Kc7 20. Na4 b6 21.
Nb2 Bd2 22. Rab1 b5 23. a4 Rd6 24. Nc1 Rhd8 25. Ncd3 bxc4 26. bxc4 Rxd3 0-1

[Event "Open Olomouc 2009"]
[Site "Olomouc (CZE)"]
[Date "2009.08.08"]
[Round "3.6"]
[White "Kasparova, Tatiana"]
[Black "Nguyen, Piotr"]
[Result "0-1"]
[WhiteElo "2169"]
[BlackElo "2368"]
[PlyCount "86"]
[EventDate "2009.08.06"]

1. e4 e5 2. Nf3 Nc6 3. Bb5 a6 4. Bxc6 dxc6 5. O-O Qf6 6. d4 exd4 7. Bg5 Qd6 8.
Qxd4 Bg4 9. Nbd2 Ne7 10. Rfe1 Qxd4 11. Nxd4 O-O-O 12. N4f3 c5 13. Ne5 Be6 14.
Be3 f6 15. Nd3 Nc6 16. Rac1 b6 17. b3 Be7 18. f4 Rd7 19. f5 Bf7 20. Nf4 g5 21.
Nd3 h6 22. h3 Bd6 23. Bf2 Re8 24. Nf3 Rde7 25. Nd2 Nb4 26. Nxb4 cxb4 27. Be3
Be5 28. Kf2 Bc3 29. Kf3 Re5 30. Re2 R8e7 31. Rd1 Kb7 32. Bf2 Rd7 33. Be3 Ra5
34. Rh1 Rxa2 35. Nb1 Be5 36. g4 a5 37. Bf2 b5 38. Bg3 a4 39. Bxe5 fxe5 40. bxa4
bxa4 41. h4 a3 42. hxg5 hxg5 43. Rc1 Ra1 0-1

[Event "Open Olomouc 2009"]
[Site "Olomouc (CZE)"]
[Date "2009.08.08"]
[Round "3.7"]
[White "Korchagina, Victoria"]
[Black "Jasny, Stanislav"]
[Result "0-1"]
[WhiteElo "2166"]
[BlackElo "2364"]
[PlyCount "58"]
[EventDate "2009.08.06"]

1. e4 c5 2. Nf3 Nc6 3. d4 cxd4 4. Nxd4 Nf6 5. Nc3 d6 6. Bc4 e6 7. Be3 Be7 8.
Bb3 a6 9. f4 Qc7 10. Qf3 O-O 11. O-O-O Nxd4 12. Rxd4 Nd7 13. g4 Nc5 14. g5 f5
15. exf5 Rxf5 16. Ne4 Nxe4 17. Qxe4 d5 18. Qd3 Bd7 19. Kb1 Bc5 20. h4 Bxd4 21.
Qxd4 Raf8 22. Rf1 Bb5 23. Rf2 Bc4 24. Bxc4 Qxc4 25. Qd2 Qe4 26. b3 d4 27. Qxd4
Qxd4 28. Bxd4 Rxf4 29. Rd2 Rd8 0-1

[Event "Open Olomouc 2009"]
[Site "Olomouc (CZE)"]
[Date "2009.08.08"]
[Round "3.8"]
[White "Dauth, Benjamin"]
[Black "Svancara, Petr"]
[Result "1/2-1/2"]
[WhiteElo "2318"]
[BlackElo "2164"]
[PlyCount "112"]
[EventDate "2009.08.06"]

1. e4 c5 2. c3 d5 3. exd5 Qxd5 4. d4 Nc6 5. Nf3 Nf6 6. Be3 cxd4 7. cxd4 e5 8.
Nc3 Bb4 9. dxe5 Qxd1+ 10. Rxd1 Ne4 11. Bb5 O-O 12. O-O Bxc3 13. Bxc6 bxc6 14.
bxc3 Nxc3 15. Rd3 Ne2+ 16. Kh1 Ba6 17. Rd6 Ng3+ 18. hxg3 Bxf1 19. Rxc6 Rfc8 20.
Rd6 Bc4 21. a3 a5 22. Nd4 h6 23. g4 Rd8 24. Rc6 Rac8 25. Rb6 Kh7 26. Kh2 Re8
27. f4 Rb8 28. Rc6 Bd5 29. Rc5 Be4 30. Nb5 Re7 31. Bd2 Bd3 32. Nd6 Rb2 33. Bxa5
Bf1 34. Nf5 Rxg2+ 35. Kh1 Rb7 36. Bb4 Rxg4 37. Nd6 Re7 38. f5 Bd3 39. Rd5 Ba6
40. Kh2 Rc7 41. e6 Rc2+ 42. Bd2 fxe6 43. fxe6 Bc4 44. Nxc4 Rcxc4 45. e7 Rge4
46. Bb4 Rxb4 47. axb4 Rxe7 48. b5 Re3 49. b6 Rb3 50. Rd6 h5 51. Kg2 h4 52. Kh2
g6 53. Rd4 g5 54. Rd6 Kg7 55. Rc6 g4 56. Rc4 Rxb6 1/2-1/2